[Event "SVE Seniors op 2nd"]
[Site "Eidelstedt"]
[Date "2019.08.05"]
[Round "7"]
[White "Schwirz, Horst"]
[Black "Schmidt, Berthold"]
[Result "0-1"]
[WhiteElo "1562"]
[BlackElo "1530"]
[PlyCount "96"]
[EventDate "2019.07.15"]
[EventType "swiss"]
[EventRounds "7"]
[EventCountry "GER"]
[SourceTitle "EXT 2020"]
[Source "ChessBase"]
[SourceDate "2019.10.17"]
[SourceVersion "1"]
[SourceVersionDate "2019.10.17"]
[SourceQuality "1"]

1. Nf3 Nf6 2. g3 g6 3. Bg2 c6 4. 0-0 Bg7 5. d3 d6 6. Nbd2 Nbd7 7. e4 b5 8. c3 Bb7 9. Qc2 a5 10. Re1 e5 11. Nf1 h6 12. Nh4 Nc5 13. Be3 Ne6 14. h3 Qd7 15. Rad1 c5 16. Bc1 Ng5 17. g4 Ngh7 18. Ne3 Qe7 19. Bf3 Ng5 20. Bg2 Nd7 21. Nd5 Bxd5 22. exd5 Nxh3+ 23. Bxh3 Qxh4 24. Kh2 Nf6 25. Qe2 Nxg4+ 26. Qxg4 Qxg4 27. Bxg4 f5 28. Bh3 0-0-0 29. f4 Kc7 30. fxe5 dxe5 31. c4 bxc4 32. dxc4 Rhf8 33. Bd2 Kb6 34. a3 e4 35. b4 axb4 36. axb4 Be5+ 37. Kg2 g5 38. bxc5+ Kxc5 39. Rc1 g4 40. Be3+ Kd6 41. c5+ Kxd5 42. Red1+ Kc6 43. Bxh6 gxh3+ 44. Kxh3 Rh8 45. Rxd8 Rxd8 46. Kg2 f4 47. Kf1 Rh8 48. Bg5 Rh1+ 0-1

[Event "SVE Seniors op 2nd"]
[Site "Eidelstedt"]
[Date "2019.07.31"]
[Round "6"]
[White "Wagner, Wolfgang"]
[Black "Schwirz, Horst"]
[Result "1-0"]
[WhiteElo "1629"]
[BlackElo "1562"]
[PlyCount "107"]
[EventDate "2019.07.15"]
[EventType "swiss"]
[EventRounds "7"]
[EventCountry "GER"]
[SourceTitle "EXT 2020"]
[Source "ChessBase"]
[SourceDate "2019.10.17"]
[SourceVersion "1"]
[SourceVersionDate "2019.10.17"]
[SourceQuality "1"]

1. e4 e5 2. Nf3 Nc6 3. Bb5 Nf6 4. 0-0 Nxe4 5. d4 Nd6 6. Bxc6 dxc6 7. dxe5 Nf5 8. Qxd8+ Kxd8 9. Rd1+ Ke8 10. b3 Be6 11. Bb2 h6 12. Nc3 Bc5 13. Ne4 Bb6 14. c4 a5 15. Nd4 Nxd4 16. Bxd4 Ke7 17. Bxb6 cxb6 18. Nd6 Rab8 19. f4 f5 20. exf6+ Kxf6 21. h3 h5 22. Rd2 Rhg8 23. Rf1 g6 24. Kh2 Rgd8 25. Rfd1 Ke7 26. Kg3 Rd7 27. Ne4 Rbd8 28. Rxd7+ Rxd7 29. Rxd7+ Bxd7 30. Kh4 Bf5 31. Nc3 Kd6 32. g4 hxg4 33. hxg4 Bd7 34. Kg5 Be8 35. f5 gxf5 36. gxf5 Ke7 37. Ne4 b5 38. c5 Bf7 39. Nd6 a4 40. Nxf7 Kxf7 41. bxa4 bxa4 42. a3 Kg7 43. Kf4 Kf7 44. Ke5 Ke7 45. f6+ Kf7 46. Kf5 Kf8 47. Ke6 Ke8 48. Kf5 Kf8 49. Kf4 Ke8 50. Kg4 Kf8 51. Kh5 Kf7 52. Kg5 Kg8 53. Kg6 Kf8 54. f7 1-0

[Event "Hamburg-ch Seniors 65+"]
[Site "Hamburg"]
[Date "2018.11.02"]
[Round "3"]
[White "Schwirz, Horst"]
[Black "Malchers, Detlef Guenter"]
[Result "1-0"]
[WhiteElo "1563"]
[BlackElo "1674"]
[PlyCount "77"]
[EventDate "2018.10.31"]
[EventType "swiss"]
[EventRounds "9"]
[EventCountry "GER"]
[SourceTitle "CBM 189 Extra"]
[Source "ChessBase"]
[SourceDate "2019.06.03"]
[SourceVersion "1"]
[SourceVersionDate "2019.06.03"]
[SourceQuality "1"]

1. Nf3 d5 2. g3 Nf6 3. Bg2 Nc6 4. d3 e6 5. 0-0 Be7 6. Nbd2 0-0 7. e4 h6 8. Re1 Bc5 9. c3 d4 10. Nf1 e5 11. Qc2 Bb6 12. Nh4 Be6 13. f4 dxc3+ 14. Be3 cxb2 15. Qxb2 Bxe3+ 16. Nxe3 exf4 17. gxf4 Ng4 18. Nef5 Bxf5 19. Nxf5 f6 20. h3 Nge5 21. fxe5 Nxe5 22. Qb3+ Kh8 23. d4 Ng6 24. Qg3 Kh7 25. Bf3 Rg8 26. e5 Ne7 27. Nxe7 Qxe7 28. Bxb7 Rad8 29. Qd3+ Kh8 30. e6 Rd6 31. d5 Rgd8 32. Qg6 Rf8 33. Rad1 f5 34. Qh5 Rb6 35. Bc6 Qc5+ 36. Kf1 Qc4+ 37. Qe2 Qf4+ 38. Qf2 Qg5 39. e7 1-0

[Event "Hamburg-ch Seniors 65+"]
[Site "Hamburg"]
[Date "2018.10.31"]
[Round "1"]
[White "Zippert, Georg"]
[Black "Schwirz, Horst"]
[Result "1-0"]
[WhiteElo "1861"]
[BlackElo "1563"]
[PlyCount "85"]
[EventDate "2018.10.31"]
[EventType "swiss"]
[EventRounds "9"]
[EventCountry "GER"]
[SourceTitle "CBM 189 Extra"]
[Source "ChessBase"]
[SourceDate "2019.06.03"]
[SourceVersion "1"]
[SourceVersionDate "2019.06.03"]
[SourceQuality "1"]

1. e4 e5 2. Nf3 Nc6 3. Bc4 Nf6 4. d3 Bc5 5. Bg5 d6 6. c3 0-0 7. h3 Be6 8. Bb5 a6 9. Ba4 h6 10. Bh4 Nb8 11. 0-0 Nbd7 12. d4 exd4 13. cxd4 g5 14. Bg3 Ba7 15. d5 Nxe4 16. dxe6 Nxg3 17. exd7 Nxf1 18. Kxf1 b5 19. Bb3 Qxd7 20. Qd3 Kg7 21. Bc2 Rh8 22. Nc3 Rae8 23. Nd5 Qd8 24. Qc3+ f6 25. Nxc7 Re7 26. Nd5 Rf7 27. Rd1 Qc8 28. Qd3 Qc4 29. Qxc4 bxc4 30. Nb4 a5 31. Nc6 Bc5 32. Nxa5 Ra7 33. Nxc4 Rxa2 34. Bb3 Ra6 35. Re1 d5 36. Ne3 d4 37. Nf5+ Kg6 38. N5xd4 Rd8 39. Ne6 Rc8 40. Rc1 Rac6 41. Bd5 Rb6 42. b3 Rd6 43. Bb7 1-0

[Event "Pinneberg-ch"]
[Site "Pinneberg"]
[Date "2018.09.20"]
[Round "6"]
[White "Schwirz, Horst"]
[Black "Krueger, Dietrich"]
[Result "1-0"]
[WhiteElo "1368"]
[BlackElo "1017"]
[PlyCount "121"]
[EventDate "2018.08.16"]
[EventType "swiss"]
[EventRounds "7"]
[EventCountry "GER"]
[SourceTitle "EXT 2019"]
[Source "ChessBase"]
[SourceDate "2018.10.10"]
[SourceVersion "1"]
[SourceVersionDate "2018.10.10"]
[SourceQuality "1"]

1. Nf3 d5 2. g3 Bf5 3. Bg2 e6 4. d3 Bc5 5. 0-0 h5 6. Nbd2 h4 7. e4 Bg4 8. exd5 hxg3 9. hxg3 Ne7 10. dxe6 fxe6 11. Ne4 Bb6 12. Bg5 Nbc6 13. Bxe7 Qxe7 14. Qd2 0-0-0 15. Qg5 Bf5 16. Qxe7 Nxe7 17. Neg5 Rdf8 18. Nh4 Ng6 19. Nxg6 Bxg6 20. Nxe6 Re8 21. Nf4 Bf7 22. a4 g5 23. Nd5 Bxd5 24. Bxd5 Bd4 25. c3 Bc5 26. d4 Bd6 27. Rae1 Rd8 28. c4 Bb4 29. Rd1 c6 30. Be6+ Kc7 31. d5 Rde8 32. Kg2 b5 33. axb5 cxb5 34. cxb5 Kb6 35. Bd7 Re2 36. b3 Rf8 37. Bg4 Rb2 38. d6 Kxb5 39. d7 Rd8 40. Rb1 Rc2 41. Rbc1 Rc5 42. Rxc5+ Kxc5 43. Rc1+ Kd6 44. Kf3 Bc5 45. Rd1+ Ke7 46. Rd5 Bb6 47. Rxg5 Rf8+ 48. Rf5 Rb8 49. Re5+ Kd6 50. Re8 Bd8 51. Re3 Bb6 52. Rd3+ Kc5 53. Rc3+ Kd6 54. Rc8 Bc7 55. Rxb8 Ke7 56. Re8+ Kd6 57. d8Q+ Bxd8 58. Rxd8+ Kc5 59. Ke4 Kb4 60. Be6 Ka3 61. g4 1-0

[Event "Pinneberg-ch"]
[Site "Pinneberg"]
[Date "2018.08.16"]
[Round "1"]
[White "Iwanow, Thomas"]
[Black "Schwirz, Horst"]
[Result "1-0"]
[WhiteElo "1712"]
[BlackElo "1368"]
[PlyCount "49"]
[EventDate "2018.08.16"]
[EventType "swiss"]
[EventRounds "7"]
[EventCountry "GER"]
[SourceTitle "EXT 2019"]
[Source "ChessBase"]
[SourceDate "2018.10.10"]
[SourceVersion "1"]
[SourceVersionDate "2018.10.10"]
[SourceQuality "1"]

1. d4 Nf6 2. Nf3 g6 3. g3 Bg7 4. Bg2 0-0 5. 0-0 d6 6. c4 Nbd7 7. Nc3 c6 8. Re1 Qc7 9. Qc2 e5 10. dxe5 dxe5 11. Rb1 a5 12. b3 Re8 13. e4 Nc5 14. Be3 Ne6 15. Rbd1 Ng4 16. Bc1 Nd4 17. Qb1 Be6 18. h3 Nh6 19. Ng5 Bd7 20. Kh2 Rad8 21. Be3 Bc8 22. Qc1 f5 23. c5 f4 24. gxf4 exf4 25. Bxf4 1-0

[Event "Hamburg-chA"]
[Site "Hamburg"]
[Date "2018.05.23"]
[Round "4"]
[White "Schwirz, Horst"]
[Black "Grotrian, Peter"]
[Result "1-0"]
[WhiteElo "1561"]
[BlackElo "1508"]
[PlyCount "79"]
[EventDate "2018.05.19"]
[EventType "swiss"]
[EventRounds "7"]
[EventCountry "GER"]
[SourceTitle "EXT 2020"]
[Source "ChessBase"]
[SourceDate "2019.10.17"]
[SourceVersion "1"]
[SourceVersionDate "2019.10.17"]
[SourceQuality "1"]

1. Nf3 c5 2. g3 Nc6 3. Bg2 d5 4. h3 e5 5. d3 Be7 6. 0-0 Be6 7. Nbd2 g5 8. Ne1 h5 9. e4 d4 10. a4 b6 11. Nc4 f6 12. Bd2 a6 13. c3 b5 14. axb5 axb5 15. Na3 Rb8 16. f4 gxf4 17. gxf4 Kd7 18. Nf3 Qe8 19. Nh4 Bf8 20. c4 b4 21. Nb5 Nge7 22. Kh2 Bh6 23. fxe5 fxe5 24. Bxh6 Rxh6 25. Nf5 Rg6 26. Nxe7 Kxe7 27. Rg1 Qf7 28. Qf1 Rf6 29. Qc1 Rg8 30. Nc7 Kf8 31. Nxe6+ Qxe6 32. Ra8+ Ke7 33. Rxg8 Qxg8 34. Bf3 Qh7 35. Qg5 Ke6 36. Bxh5 Rf4 37. Bg4+ Kd6 38. Bf5 Qf7 39. Qh6+ Ke7 40. Rg7 1-0

[Event "Hamburg-chA"]
[Site "Hamburg"]
[Date "2018.05.20"]
[Round "2"]
[White "Schwirz, Horst"]
[Black "Taperla, Emer"]
[Result "0-1"]
[WhiteElo "1561"]
[BlackElo "1522"]
[PlyCount "58"]
[EventDate "2018.05.19"]
[EventType "swiss"]
[EventRounds "7"]
[EventCountry "GER"]
[SourceTitle "EXT 2020"]
[Source "ChessBase"]
[SourceDate "2019.10.17"]
[SourceVersion "1"]
[SourceVersionDate "2019.10.17"]
[SourceQuality "1"]

1. Nf3 d5 2. g3 Nf6 3. Bg2 Nc6 4. d3 Bf5 5. Nbd2 e5 6. 0-0 Bd6 7. Qe1 Qd7 8. e4 dxe4 9. dxe4 Bh3 10. Nc4 Bxg2 11. Nxd6+ Qxd6 12. Kxg2 0-0-0 13. c3 Kb8 14. Nh4 g6 15. f4 Nh5 16. Be3 f6 17. Kh1 Qd7 18. f5 g5 19. Ng2 Qf7 20. Qe2 Ng7 21. Rad1 Rc8 22. b4 h5 23. Qf2 Qc4 24. Qc2 h4 25. g4 h3 26. Ne1 Nxb4 27. Bxa7+ Kxa7 28. Qa4+ Kb8 29. Qxb4 Qxf1# 0-1

[Event "Hamburg-chA"]
[Site "Hamburg"]
[Date "2018.05.19"]
[Round "1"]
[White "Brandstrup, Luca Alexander"]
[Black "Schwirz, Horst"]
[Result "0-1"]
[WhiteElo "1277"]
[BlackElo "1561"]
[PlyCount "56"]
[EventDate "2018.05.19"]
[EventType "swiss"]
[EventRounds "7"]
[EventCountry "GER"]
[SourceTitle "EXT 2020"]
[Source "ChessBase"]
[SourceDate "2019.10.17"]
[SourceVersion "1"]
[SourceVersionDate "2019.10.17"]
[SourceQuality "1"]

1. e4 e5 2. Nf3 Nc6 3. d4 exd4 4. Nxd4 Bc5 5. Be3 Qf6 6. c3 Nge7 7. Bc4 0-0 8. 0-0 Bb6 9. f4 d6 10. f5 Ne5 11. Bb3 N7c6 12. Na3 Na5 13. Nac2 Nxb3 14. axb3 Bd7 15. Nf3 Bc6 16. Kh1 Nxf3 17. Bg5 Nxg5 18. h4 Nxe4 19. Qg4 Nf2+ 20. Rxf2 Bxf2 21. h5 Qh4+ 22. Qxh4 Bxh4 23. Kh2 Rfe8 24. Rf1 Re2 25. Rg1 Rxc2 26. Kh3 Bg5 27. g4 Re8 28. Rg3 Ree2 0-1

[Event "Hamburg-ch Seniors 23rd"]
[Site "Hamburg"]
[Date "2016.11.09"]
[Round "8"]
[White "Schwirz, Horst"]
[Black "Klausberger, Wolfgang"]
[Result "0-1"]
[WhiteElo "1602"]
[BlackElo "1599"]
[PlyCount "122"]
[EventDate "2016.11.02"]
[EventType "swiss"]
[EventRounds "9"]
[EventCountry "GER"]
[SourceTitle "EXT 2019"]
[Source "ChessBase"]
[SourceDate "2018.10.10"]
[SourceVersion "1"]
[SourceVersionDate "2018.10.10"]
[SourceQuality "1"]

1. Nf3 d6 2. g3 g6 3. Bg2 Bg7 4. d3 Nf6 5. e4 Nbd7 6. 0-0 0-0 7. Nc3 Rb8 8. Nh4 e5 9. f4 exf4 10. Bxf4 Nh5 11. Bd2 Ne5 12. Nf5 Bxf5 13. exf5 c6 14. Be3 b6 15. Qe2 d5 16. Nd1 Re8 17. c3 Nd7 18. Qd2 Nhf6 19. Bh3 Rb7 20. Nf2 Ne5 21. Kg2 Rbe7 22. Rae1 c5 23. Bh6 d4 24. Bxg7 Qd5+ 25. Ne4 Kxg7 26. Kg1 dxc3 27. bxc3 Qxd3 28. Qxd3 Nxd3 29. Nxf6 Rxe1 30. Nxe8+ Rxe8 31. fxg6 fxg6 32. Rf3 Nc1 33. a4 Nb3 34. Bf1 Nd2 35. Rf2 Nxf1 36. Kxf1 Rf8 37. Rxf8 Kxf8 38. c4 Ke7 39. Ke2 Kd6 40. Kf3 Ke5 41. Ke3 h5 42. h4 Kf5 43. Kf3 g5 44. hxg5 Kxg5 45. Kg2 Kg4 46. Kf2 Kf5 47. Kf3 Ke5 48. Ke3 a6 49. Kd3 Kf5 50. Ke3 Ke5 51. Kd3 Kd6 52. Ke4 Kc6 53. Kf5 b5 54. axb5+ axb5 55. cxb5+ Kxb5 56. Ke4 Kc4 57. Ke3 Kc3 58. Ke2 Kc2 59. Ke1 c4 60. Ke2 c3 61. Ke1 Kb1 0-1

[Event "Hamburg-ch Seniors 23rd"]
[Site "Hamburg"]
[Date "2016.11.04"]
[Round "3"]
[White "Zechel, Rolf Ruediger"]
[Black "Schwirz, Horst"]
[Result "1-0"]
[WhiteElo "1669"]
[BlackElo "1602"]
[PlyCount "77"]
[EventDate "2016.11.02"]
[EventType "swiss"]
[EventRounds "9"]
[EventCountry "GER"]
[SourceTitle "EXT 2019"]
[Source "ChessBase"]
[SourceDate "2018.10.10"]
[SourceVersion "1"]
[SourceVersionDate "2018.10.10"]
[SourceQuality "1"]

1. d4 Nf6 2. c4 g6 3. Nc3 Bg7 4. e4 d6 5. f3 0-0 6. Be3 Nbd7 7. Qd2 c6 8. g4 e5 9. 0-0-0 Qc7 10. h4 b5 11. cxb5 cxb5 12. Bxb5 Rb8 13. Kb1 a6 14. Bd3 exd4 15. Bxd4 Nc5 16. Be2 Be6 17. Nh3 Bd7 18. Bxf6 Bxf6 19. Nd5 Qd8 20. Nxf6+ Qxf6 21. Qd4 Qxd4 22. Rxd4 Na4 23. Rd2 Nc3+ 24. Ka1 Nxe2 25. Rxe2 Rb6 26. Nf4 Bb5 27. Rd2 Rc8 28. Nd5 Rb7 29. g5 Kg7 30. Kb1 Rcb8 31. Rhh2 Rc8 32. Rhf2 Bd7 33. Rc2 Rcb8 34. Rc7 Bb5 35. Rxb7 Rxb7 36. Rd2 Be8 37. Nf6 Bb5 38. Rxd6 Be2 39. Rd8 1-0

[Event "Hamburg-ch Seniors 22nd"]
[Site "Hamburg"]
[Date "2015.11.05"]
[Round "9"]
[White "Krause, Werner"]
[Black "Schwirz, Horst"]
[Result "1/2-1/2"]
[WhiteElo "1714"]
[BlackElo "1671"]
[PlyCount "58"]
[EventDate "2015.10.28"]
[EventType "swiss"]
[EventRounds "9"]
[EventCountry "GER"]
[SourceTitle "EXT 2018"]
[Source "ChessBase"]
[SourceDate "2017.10.13"]
[SourceVersion "1"]
[SourceVersionDate "2017.10.13"]
[SourceQuality "1"]

1. e4 e5 2. Nf3 Nc6 3. d4 exd4 4. c3 dxc3 5. Nxc3 Bb4 6. Bc4 Nge7 7. 0-0 0-0 8. Bg5 h6 9. Bh4 Bxc3 10. bxc3 d6 11. h3 Qe8 12. Qc2 Ng6 13. Bg3 Be6 14. Bd5 Qd7 15. Kh2 Rab8 16. Nd4 Nxd4 17. cxd4 Bxd5 18. exd5 Ne7 19. Rfe1 Nxd5 20. Rab1 Nb6 21. Re2 Rfe8 22. Rbe1 Nd5 23. Qb3 Nf6 24. Qf3 d5 25. Be5 Ne4 26. Bf4 Re6 27. Qg4 Rbe8 28. Bxh6 g6 29. Qh4 Nd6 1/2-1/2

[Event "Pinneberg op Seniors 16th"]
[Site "Pinneberg"]
[Date "2015.08.06"]
[Round "6"]
[White "Schwirz, Horst"]
[Black "Pastorino, Peter"]
[Result "1/2-1/2"]
[WhiteElo "1294"]
[BlackElo "1567"]
[PlyCount "55"]
[EventDate "2015.07.02"]
[EventType "swiss"]
[EventRounds "7"]
[EventCountry "GER"]
[SourceTitle "EXT 2017"]
[Source "ChessBase"]
[SourceDate "2016.10.25"]
[SourceVersion "1"]
[SourceVersionDate "2016.10.25"]
[SourceQuality "1"]

1. Nf3 d5 2. g3 g6 3. Bg2 Bg7 4. d3 c5 5. Nbd2 e5 6. e4 Ne7 7. 0-0 0-0 8. Re1 Re8 9. Nf1 h6 10. b3 d4 11. a4 Nbc6 12. Ba3 b6 13. Qd2 a5 14. h4 Kh7 15. N1h2 Rh8 16. Qe2 Be6 17. Nd2 Bf6 18. Ng4 Bg7 19. Rf1 Qd7 20. Nh2 f5 21. exf5 Bxf5 22. Be4 Rae8 23. Nc4 Rb8 24. Bc1 Nd5 25. Bd2 Nf6 26. Bxf5 gxf5 27. f3 Nh5 28. Qf2 1/2-1/2

[Event "Pinneberg op Seniors 16th"]
[Site "Pinneberg"]
[Date "2015.07.31"]
[Round "5"]
[White "Busse, Gerd"]
[Black "Schwirz, Horst"]
[Result "1-0"]
[WhiteElo "1589"]
[BlackElo "1294"]
[PlyCount "74"]
[EventDate "2015.07.02"]
[EventType "swiss"]
[EventRounds "7"]
[EventCountry "GER"]
[SourceTitle "EXT 2017"]
[Source "ChessBase"]
[SourceDate "2016.10.25"]
[SourceVersion "1"]
[SourceVersionDate "2016.10.25"]
[SourceQuality "1"]

1. e4 e5 2. Nf3 Nc6 3. Bc4 Nf6 4. d3 h6 5. Nc3 Bc5 6. Be3 d6 7. Bxc5 dxc5 8. h3 0-0 9. 0-0 a6 10. a3 Ne7 11. Nxe5 Qd4 12. Nf3 Qd8 13. Kh1 Ng6 14. Nh2 b6 15. f4 Bb7 16. f5 Ne5 17. Ba2 Qe7 18. Nf3 Nxf3 19. Qxf3 Rad8 20. Qg3 Rde8 21. Ne2 Qe5 22. Qxe5 Rxe5 23. Nf4 Kh8 24. Bxf7 Rxf7 25. Ng6+ Kg8 26. Nxe5 Re7 27. Ng6 Rd7 28. Rae1 Nh5 29. Kh2 Nf6 30. b3 b5 31. e5 Nh7 32. f6 gxf6 33. exf6 Rd8 34. f7+ Kg7 35. Re8 Rc8 36. Rxc8 Bxc8 37. f8Q+ Nxf8 1-0

[Event "Hamburg-ch Seniors 21st"]
[Site "Hamburg"]
[Date "2014.11.04"]
[Round "7"]
[White "Schwirz, Horst"]
[Black "Gette, Viktor"]
[Result "1-0"]
[WhiteElo "1336"]
[BlackElo "1601"]
[PlyCount "99"]
[EventDate "2014.10.29"]
[EventType "swiss"]
[EventRounds "9"]
[EventCountry "GER"]
[SourceTitle "EXT 2018"]
[Source "ChessBase"]
[SourceDate "2017.10.13"]
[SourceVersion "1"]
[SourceVersionDate "2017.10.13"]
[SourceQuality "1"]

1. Nf3 d5 2. g3 Bf5 3. Bg2 Nd7 4. Nh4 Be4 5. Bxe4 dxe4 6. Nc3 g5 7. Ng2 f5 8. d3 exd3 9. Qxd3 e6 10. Qf3 g4 11. Qxb7 Qb8 12. Qc6 Qb6 13. Qxa8+ Kf7 14. 0-0 Ngf6 15. Be3 c5 16. Na4 Qc7 17. Nh4 Nd5 18. c4 Bg7 19. Qxh8 Bxh8 20. cxd5 Qa5 21. dxe6+ Kxe6 22. Nc3 Qb4 23. Rab1 Bf6 24. Ng2 Kf7 25. Nd5 Qc4 26. Nxf6 Kxf6 27. Nf4 Qxa2 28. Rfd1 Qa4 29. Rd6+ Ke7 30. Rdd1 Qc2 31. Rdc1 Qe4 32. Nd3 c4 33. Nc5 Nxc5 34. Bxc5+ Ke6 35. Bxa7 Kd5 36. Rd1+ Kc6 37. Be3 Qc2 38. Kf1 Kb5 39. Rd5+ Kc6 40. Rc5+ Kd6 41. Rc1 Qe4 42. Rd1+ Ke6 43. Kg1 h5 44. Rcd5 Qc2 45. Rd6+ Ke7 46. Bg5+ Ke8 47. Re6+ Kf7 48. Rf6+ Ke8 49. Rfd6 Kf7 50. Ra1 1-0

[Event "Pinneberg op Seniors 15th"]
[Site "Pinneberg"]
[Date "2014.??.??"]
[Round "1"]
[White "Grothkopp, Dietrich"]
[Black "Schwirz, Horst"]
[Result "1-0"]
[WhiteElo "1640"]
[BlackElo "1631"]
[PlyCount "47"]
[EventDate "2014.07.03"]
[EventType "swiss"]
[EventRounds "7"]
[EventCountry "GER"]
[SourceTitle "EXT 2017"]
[Source "ChessBase"]
[SourceDate "2016.10.25"]
[SourceVersion "1"]
[SourceVersionDate "2016.10.25"]
[SourceQuality "1"]

1. d4 Nf6 2. c4 g6 3. Nc3 Bg7 4. e4 d6 5. f4 0-0 6. Nf3 c5 7. h3 Qa5 8. Bd2 Nc6 9. d5 Nd4 10. Bd3 Bd7 11. Rb1 Nh5 12. g4 Nxf3+ 13. Qxf3 Nf6 14. f5 a6 15. h4 h5 16. gxh5 Nxh5 17. Rg1 Kh7 18. Qg2 Be8 19. Be2 Be5 20. Rf1 Nf6 21. h5 Rg8 22. hxg6+ fxg6 23. Qg5 Bxc3 24. Qh6# 1-0

[Event "Hamburg Seniors op 19th"]
[Site "Hamburg"]
[Date "2012.10.29"]
[Round "6"]
[White "Graffenberger, Marianne"]
[Black "Schwirz, Horst"]
[Result "1-0"]
[WhiteElo "1149"]
[BlackElo "1323"]
[PlyCount "27"]
[EventDate "2012.10.24"]
[EventType "swiss"]
[EventRounds "9"]
[EventCountry "GER"]
[SourceTitle "EXT 2015"]
[Source "ChessBase"]
[SourceDate "2014.11.20"]
[SourceVersion "1"]
[SourceVersionDate "2014.11.20"]
[SourceQuality "1"]

1. e4 e5 2. Nf3 Nc6 3. d4 exd4 4. Nxd4 Bc5 5. Be3 Qf6 6. c3 Nge7 7. Be2 0-0 8. 0-0 Bb6 9. Na3 d5 10. Nxc6 Qxc6 11. Bb5 Qg6 12. exd5 Bh3 13. Qf3 Bf5 14. Bxb6 1-0

[Event "Pinneberg op Seniors 13th"]
[Site "Pinneberg"]
[Date "2012.07.19"]
[Round "5"]
[White "Schwirz, Horst"]
[Black "Riedel, Siegfried"]
[Result "0-1"]
[WhiteElo "1395"]
[BlackElo "1565"]
[PlyCount "86"]
[EventDate "2012.06.21"]
[EventType "swiss"]
[EventRounds "7"]
[EventCountry "GER"]
[SourceTitle "EXT 2013"]
[Source "ChessBase"]
[SourceDate "2012.11.22"]
[SourceVersion "1"]
[SourceVersionDate "2012.11.22"]
[SourceQuality "1"]

1. Nf3 d6 2. g3 g6 3. Bg2 Bg7 4. 0-0 Nd7 5. d3 e6 6. e4 Ne7 7. c3 h6 8. Be3 b6 9. Nbd2 Bb7 10. h4 Nc6 11. d4 e5 12. d5 Ne7 13. Nb3 Nf6 14. Nh2 Bc8 15. c4 Bd7 16. Nd2 Qc8 17. Rc1 Neg8 18. b4 Bh3 19. c5 Bxg2 20. Kxg2 Qd7 21. cxd6 cxd6 22. Rc6 Ne7 23. Rc2 0-0 24. Qe2 Qa4 25. Rc7 Nc8 26. Qc4 b5 27. Qb3 Qxb3 28. axb3 Ne8 29. Rc6 f6 30. Ng4 h5 31. Nh2 f5 32. exf5 gxf5 33. f4 e4 34. Rfc1 Nf6 35. Nb1 Nxd5 36. Bd2 Bd4 37. Rd1 Rd8 38. Nf1 Nce7 39. Rc2 Rac8 40. Rdc1 Rxc2 41. Rxc2 Rc8 42. Ra2 Bb6 43. Be1 Rc1 0-1

[Event "Pinneberg op Seniors 13th"]
[Site "Pinneberg"]
[Date "2012.07.12"]
[Round "4"]
[White "Luettig, Hendrik"]
[Black "Schwirz, Horst"]
[Result "1-0"]
[WhiteElo "1536"]
[BlackElo "1395"]
[PlyCount "81"]
[EventDate "2012.06.21"]
[EventType "swiss"]
[EventRounds "7"]
[EventCountry "GER"]
[SourceTitle "EXT 2013"]
[Source "ChessBase"]
[SourceDate "2012.11.22"]
[SourceVersion "1"]
[SourceVersionDate "2012.11.22"]
[SourceQuality "1"]

1. e4 e5 2. Nf3 Nc6 3. Bc4 Nf6 4. Nc3 Nxe4 5. Bxf7+ Kxf7 6. Nxe4 d5 7. Ng3 e4 8. Ng1 Bc5 9. d3 Re8 10. dxe4 Kg8 11. c3 Qf6 12. Qxd5+ Kh8 13. Qxc5 Bg4 14. f3 Be6 15. N1e2 Ne5 16. 0-0 Nd3 17. Qg5 Nxc1 18. Qxf6 Nxe2+ 19. Nxe2 gxf6 20. b3 Rad8 21. Rad1 c5 22. Nf4 Bf7 23. c4 Kg7 24. Rd3 Rxd3 25. Nxd3 b6 26. Rd1 Rd8 27. Nb2 Rd4 28. Kf2 Bg6 29. Rxd4 cxd4 30. Nd3 Kf7 31. Nf4 Ke7 32. Nxg6+ hxg6 33. f4 Kd6 34. g4 Kc5 35. a3 d3 36. Ke3 d2 37. Kxd2 Kd4 38. h4 Kxe4 39. h5 gxh5 40. gxh5 Kf5 41. Ke3 1-0

[Event "Pinneberg op Seniors 13th"]
[Site "Pinneberg"]
[Date "2012.06.21"]
[Round "1"]
[White "Schwirz, Horst"]
[Black "Zippert, Georg"]
[Result "0-1"]
[WhiteElo "1395"]
[BlackElo "1768"]
[PlyCount "60"]
[EventDate "2012.06.21"]
[EventType "swiss"]
[EventRounds "7"]
[EventCountry "GER"]
[SourceTitle "EXT 2013"]
[Source "ChessBase"]
[SourceDate "2012.11.22"]
[SourceVersion "1"]
[SourceVersionDate "2012.11.22"]
[SourceQuality "1"]

1. Nf3 d5 2. g3 Nc6 3. Bg2 e5 4. d3 Nf6 5. 0-0 Be7 6. Nbd2 0-0 7. e4 h6 8. Re1 dxe4 9. dxe4 Bc5 10. h3 Qe7 11. Nf1 Rd8 12. Qe2 Be6 13. c3 a6 14. Qc2 Bc4 15. Ne3 Bd3 16. Qa4 b5 17. Qd1 Bxe4 18. Qe2 Bd3 19. Qd1 e4 20. Nh2 Qe5 21. Nhg4 Nxg4 22. Qxg4 Rd6 23. Nf5 Rg6 24. Qf4 Qxf4 25. Bxf4 Re8 26. Rad1 Ree6 27. Rxd3 exd3 28. Rxe6 Rxe6 29. Bxc6 Rxc6 30. b4 Bf8 0-1

[Event "Pinneberg op Seniors 12th"]
[Site "Pinneberg"]
[Date "2011.06.30"]
[Round "4"]
[White "Berking, Bernhard"]
[Black "Schwirz, Horst"]
[Result "0-1"]
[WhiteElo "1535"]
[BlackElo "1489"]
[PlyCount "42"]
[EventDate "2011.06.16"]
[EventType "swiss"]
[EventRounds "7"]
[EventCountry "GER"]
[SourceTitle "EXT 2012"]
[Source "ChessBase"]
[SourceDate "2011.11.24"]
[SourceVersion "1"]
[SourceVersionDate "2011.11.24"]
[SourceQuality "1"]

1. e4 e5 2. Nf3 Nc6 3. d4 exd4 4. c3 d5 5. exd5 Qxd5 6. Be2 Nf6 7. 0-0 Be6 8. cxd4 0-0-0 9. Nc3 Qd7 10. Bb5 Qd6 11. Bxc6 Qxc6 12. Be3 Kb8 13. Rc1 Bd6 14. Na4 Qe4 15. Bg5 Bg4 16. Bxf6 gxf6 17. Re1 Qf4 18. Qb3 Bxf3 19. g3 Rhg8 20. Nc5 Qf5 21. Qxb7+ Bxb7 0-1

[Event "Pinneberg op Seniors 11th"]
[Site "Pinneberg"]
[Date "2010.07.22"]
[Round "5"]
[White "Grothkopp, Dietrich"]
[Black "Schwirz, Horst"]
[Result "1-0"]
[WhiteElo "1638"]
[BlackElo "1502"]
[PlyCount "57"]
[EventDate "2010.06.24"]
[EventType "swiss"]
[EventRounds "7"]
[EventCountry "GER"]
[SourceTitle "EXT 2011"]
[Source "ChessBase"]
[SourceDate "2010.11.26"]
[SourceVersion "1"]
[SourceVersionDate "2010.11.26"]
[SourceQuality "1"]

1. d4 Nf6 2. c4 g6 3. Nc3 Bg7 4. e4 d6 5. f4 c5 6. dxc5 Qa5 7. Bd2 Qxc5 8. Rb1 0-0 9. Bd3 Bg4 10. Be2 Bxe2 11. Qxe2 Qc7 12. Nf3 a6 13. h3 Nh5 14. Kf2 f5 15. exf5 gxf5 16. Qe6+ Kh8 17. Ng5 Bd4+ 18. Kf3 Rf6 19. Nd5 Qd7 20. Nxf6 Bxf6 21. Qxd7 Nxd7 22. Ne6 Rc8 23. b3 Ng7 24. Nxg7 Kxg7 25. g4 fxg4+ 26. hxg4 e5 27. g5 Bd8 28. f5 Bb6 29. f6+ 1-0